|
|
|
|
| LEADER |
00978nab a2200277 i 4500 |
| 001 |
publ28940 |
| 005 |
20231124085717.0 |
| 008 |
231124s2023 hu o 0|| Angol d |
| 022 |
|
|
|a 0981-9428
|
| 024 |
7 |
|
|a 10.1016/j.plaphy.2023.108192
|2 doi
|
| 024 |
7 |
|
|a 34397467
|2 mtmt
|
| 040 |
|
|
|a SZTE Publicatio Repozitórium
|b hun
|
| 041 |
|
|
|a Angol
|
| 100 |
1 |
|
|a Czékus Zalán
|
| 245 |
1 |
4 |
|a The role of salicylic acid on glutathione metabolism under endoplasmic reticulum stress in tomato
|h [elektronikus dokumentum] /
|c Czékus Zalán
|
| 260 |
|
|
|c 2023
|
| 300 |
|
|
|a 11
|
| 490 |
0 |
|
|a PLANT PHYSIOLOGY AND BIOCHEMISTRY
|v 205
|
| 650 |
|
4 |
|a Biológiai tudományok
|
| 700 |
0 |
1 |
|a Milodanovic Dávid
|e aut
|
| 700 |
0 |
1 |
|a Koprivanacz Péter
|e aut
|
| 700 |
0 |
1 |
|a Bela Krisztina
|e aut
|
| 700 |
0 |
2 |
|a López-Climent María F.
|e aut
|
| 700 |
0 |
2 |
|a Gómez-Cadenas Aurelio
|e aut
|
| 700 |
0 |
2 |
|a Poór Péter
|e aut
|
| 856 |
4 |
0 |
|u http://publicatio.bibl.u-szeged.hu/28940/1/Czekusetal.2023.pdf
|z Dokumentum-elérés
|